00000000nam##2200000za#4500
0019.615078
003CaOODSP
00520200327135114
007ta
008150406|1999||||xxc|||||     f|0| 0 eng|d
022 |a0706-6457
040 |aCaOODSP|beng
043 |an-cn---
0861 |aFs97-6/2297E
1101 |aCanada. |bDepartment of Fisheries and Oceans.
24514|aThe effects of log salvage operations on aquatic ecosystems : |bpredicting the change in oxygen regimes / |cby K. E. Smokorowski, K. J. Withers and J. R. M. Kelso.
260 |aOttawa - Ontario : |bFisheries and Oceans Canada |c1999.
300 |avi, 31p. : |breferences, tables ; |c28 cm.
4901 |aCanadian technical report of fisheries and aquatic sciences|x0706-6457|v2297
500 |aPrepared at the Department of Fisheries and Oceans, Great Lakes Laboratory for Fisheries and Aquatic Science, 1 Canal Drive, Sault Ste. Marie, Ontario, P6A 6W4.
546 |aRésumé en français
563 |aSoftcover
590 |a00-04|b2000-01-28
69007|aMarine ecosystems|2gcpds
69007|aHabitats|2gcpds
69007|aFish|2gcpds
7201 |aKelso, J. R. M.
7201 |aSmokorowski, K. E.
7201 |aWithers, K. J.
7760#|tThe effects of log salvage operations on aquatic ecosystems : |w(CaOODSP)9.574009
830#0|aCanadian technical report of fisheries and aquatic sciences,|x0706-6457|v2297|w(CaOODSP)9.514691